Normal view
MARC view
Entry Personal Name
001 - CONTROL NUMBER
- control field: 16686
003 - CONTROL NUMBER IDENTIFIER
- control field: BD-RjUL
005 - DATE AND TIME OF LATEST TRANSACTION
- control field: 20250827131829.0
008 - FIXED-LENGTH DATA ELEMENTS
- fixed length control field: 250827|| aca||aabn | a|a d
040 ## - CATALOGING SOURCE
- Original cataloging agency: BD-RjUL
- Transcribing agency: BD-RjUL
100 ## - HEADING--PERSONAL NAME
- Personal name: হোসেন, এ. বি. এম. , প্রিন্সিপ্যাল সুপারভাইজার
670 ## - SOURCE DATA FOUND
- Source citation: Work cat.: (BD-RjUL)75865: কালাম, মো. আবুল 232614, রাজশাহী বিশ্ববিদ্যালয়ের ইতিহাস, (১৯৫৩-২০০৩) /, ২০১১